000 01010nam a2200253Ia 4500
003 OSt
005 20221005104957.0
006 a|||||r|||| 00| 0
007 ta
008 221004b |||||||| |||| 00| 0 hin d
020 _a8185999635 (hbk)
_c450
024 _a102634
037 _b366, 04/03/2010, Swaraj Prakashan
_cTextual
040 _aCRL
_cCRL
_bhin
041 _2hin
_ahin
082 _aO152,3:g(Y), P6
100 _aअवस्थी, कमलेश
245 0 _aपरंपरा और आधुनिकीकरण
_b हिंदी उपन्यासों का परिप्रेक्ष्य
246 _aParanparā aur ādhunikīkaraṇa: hiandī upanyāsoan kā pariprekṣhya
260 _aदिल्ली
_bस्वराज प्रकाशन भारत
_c2006
300 _a247पृ0
_ccm.
942 _hO152,3:g(Y), P6
_cTEXL
_2cc
999 _c1014363
_d1014363